Statistiche per Riconosci la Squadra di calcio - Quiz n°13

Clicka qui per fare il quiz!

Statistiche generali

  • Questo quiz è stato fatto 10 volte
  • Il punteggio medio è 7 su 11

Statistiche sulle risposte

IndizioRisposta% Corretto
SimboliCicogna
100%
Titoli nazionali1 Titolo di Francia
3 Ligue 2
89%
Colori socialiBlu, bianco
89%
Trofei nazionali3 Coppe di Francia
3 Coppe di Lega francese
78%
Divisione nazionale 2023-2024Prima
78%
Trofei internazionali1 Coppa Intertoto UEFA
67%
ConfederazioneUEFA
56%
Fondazione1906
44%
Rifondazione2011
44%
Capienza Stadio26 109 posti
44%
SquadraStrasburgo
33%

Distribuzione punteggi

Percentile per numero di risposta

Percentuale di utenti per punteggio

I tuoi punteggi nel tempo

Non hai fatto questo quiz